most useless quiz ever - Statistics

General Stats
  • This quiz has been taken 27 times
  • The average score is 175 of 351
Answer Stats
Answer % Correct
A
100%
B
100%
B
100%
C
100%
C
100%
C
100%
D
100%
D
100%
D
100%
D
100%
E
100%
E
100%
E
100%
E
100%
E
100%
F
95%
F
95%
F
95%
F
95%
F
95%
F
95%
G
95%
G
95%
G
95%
G
95%
G
95%
G
95%
G
95%
H
95%
H
95%
H
95%
H
95%
H
95%
H
95%
H
95%
H
95%
I
95%
I
95%
I
95%
I
95%
I
95%
I
95%
I
95%
I
95%
I
95%
J
95%
J
95%
J
95%
J
95%
J
95%
J
95%
J
95%
J
95%
J
95%
J
95%
K
95%
K
95%
K
95%
K
95%
K
95%
K
95%
K
95%
K
90%
K
90%
K
90%
K
90%
L
85%
L
85%
L
85%
L
85%
L
85%
L
85%
L
85%
L
85%
L
85%
L
85%
L
85%
L
80%
M
80%
M
75%
M
75%
M
75%
M
75%
M
75%
M
75%
M
75%
M
75%
M
75%
M
75%
M
75%
M
75%
N
75%
N
75%
N
75%
N
75%
N
75%
N
75%
N
75%
N
75%
N
75%
N
75%
N
75%
N
75%
N
75%
N
75%
O
75%
O
75%
O
75%
O
75%
O
75%
O
75%
O
75%
O
75%
O
75%
O
75%
O
75%
O
75%
O
75%
O
75%
O
75%
P
75%
P
75%
P
75%
P
75%
P
75%
P
75%
P
75%
P
75%
P
70%
P
70%
P
70%
P
70%
P
70%
P
70%
P
70%
P
70%
Q
70%
Q
70%
Q
70%
Q
70%
Q
70%
Q
70%
Q
70%
Q
70%
Q
70%
Q
70%
Q
70%
Q
70%
Q
70%
Q
70%
Q
65%
Q
65%
Q
65%
R
65%
R
65%
R
65%
R
65%
R
65%
R
65%
R
65%
R
65%
R
65%
R
65%
R
65%
R
65%
R
65%
R
65%
R
65%
R
60%
R
60%
R
60%
S
55%
S
55%
S
55%
S
55%
S
55%
S
50%
S
50%
S
50%
S
50%
S
50%
S
50%
S
50%
S
50%
S
50%
S
50%
S
50%
S
50%
S
50%
S
50%
T
45%
T
45%
T
45%
T
45%
T
45%
T
45%
T
45%
T
40%
T
40%
T
35%
T
35%
T
35%
T
35%
T
35%
T
35%
T
35%
T
35%
T
35%
T
30%
T
25%
U
20%
U
20%
U
20%
U
20%
U
20%
U
20%
U
20%
U
20%
U
20%
U
20%
U
20%
U
20%
U
20%
U
20%
U
20%
U
20%
U
20%
U
20%
U
20%
U
15%
U
15%
V
15%
V
15%
V
15%
V
15%
V
15%
V
15%
V
15%
V
15%
V
15%
V
15%
V
15%
V
15%
V
15%
V
15%
V
15%
V
15%
V
15%
V
15%
V
15%
V
15%
V
15%
V
15%
W
15%
W
15%
W
15%
W
15%
W
15%
W
15%
W
15%
W
15%
W
15%
W
15%
W
15%
W
15%
W
15%
W
10%
W
10%
W
10%
W
10%
W
10%
W
10%
W
10%
W
10%
W
10%
W
10%
X
10%
X
10%
X
10%
X
10%
X
10%
X
10%
X
10%
X
10%
X
10%
X
10%
X
10%
X
10%
X
10%
X
10%
X
10%
X
10%
X
10%
X
10%
X
10%
X
10%
X
10%
X
10%
X
10%
X
10%
Y
10%
Y
10%
Y
10%
Y
10%
Y
10%
Y
10%
Y
10%
Y
10%
Y
10%
Y
10%
Y
10%
Y
10%
Y
10%
Y
10%
Y
10%
Y
10%
Y
10%
Y
10%
Y
10%
Y
10%
Y
10%
Y
10%
Y
10%
Y
10%
Y
10%
Z
10%
Z
10%
Z
10%
Z
10%
Z
10%
Z
10%
Z
10%
Z
10%
Z
10%
Z
10%
Z
10%
Z
10%
Z
10%
Z
10%
Z
10%
Z
10%
Z
10%
Z
10%
Z
10%
Z
10%
Z
10%
Z
10%
Z
10%
Z
10%
Z
10%
Z
10%
No matching quizzes found
Score Distribution
Percent of People with Each Score
Percentile by Number Answered
Your Score History
You have not taken this quiz